Регионална библиотека "Любен Каравелов" - Русе

Капричос (Запис номер 139033)

MARC детайли
000 -Лидер
Контролно поле с фиксирана дължина 02523nam a2200445 c 4500
003 - Код на организацията, давaща контролен номер
Контролно поле BLK
005 - Дата и час на последна редакция
Контролно поле 20240603120118.0
008 - Елементи от данни с фиксирана дължина
fixed length control field 180409b bul|||||r ||||||| ||bul||
010 ## - Наследен системен номер
LC control number KNG00145047000
020 ## - Международен стандартен номер на книга ISBN
Международен стандартен номер на книга ISBN 978-954-09-0580-8
-- издат.: Захарий Стоянов
040 ## - Източник на каталожния запис
Идентификатор на билиотеката - собственик на записа BLK
041 ## - Код за език
Код за езика на текст/звукозапис или на отделно заглавие Български
Код за езика КДБФ Български
072 #7 - Код за тематичната категория
Код организация bullib
Код за тематична категория Н70
Текст Изкуства Н
080 ## - УДК
Текстов определител УДК Изобразителни изкуства и художествени занаяти
УДК код - определител по УДК 73/76
УДК определител .071.1(497.2)(092)
УДК - код + определител 73/76.071.1(497.2)(092)
080 ## - УДК
Текстов определител УДК Български художник
УДК код - определител по УДК 929 Стоев, Борислав Владимиров
УДК определител
УДК - код + определител 929 Стоев, Борислав Владимиров
100 1# - Редна дума - Автор
Автор Стоев, Борислав Владимиров
Авторска отговорност първи автор
R(LIN) 365108
139 ## - Редно поле
Редна дума Стоев, Борислав Владимиров
Авторски знак Сто - С 77
245 10 - Сведения за заглавието
Заглавие Капричос
Подзаглавни данни Дон Кихот, Капричос, Avis rara, Виртуални колажи
Редно поле (дума) Борислав Владимиров Стоев; текст Иван Гранитски; * Иван Йорданов Димитров; текст Иван Русев Маразов.
257 ## - Страна на издаване
Страна на създаване/издаване България
260 ## - Област на издателските данни
-- София
Име на издателя, разпространителя и проч. Захарий Стоянов
Година на издаване 2011
Печатница София : Унив. изд. Св. Климент Охридски
300 ## - Физическа характеристика
Страници 80 с.
Илюстрации и др. с цв. ил.
Размери/Мащаб 28 см
380 ## - Жанр
Жанр Изкуство
500 ## - Общи забележки
Забележка Иван Гранитски - псевд. на Иван Йорданов Димитров.
600 14 - Име на лице, използвано като предмет
За него / За нея Стоев, Борислав Владимиров
9 (RLIN) 365108
650 #4 - Допълнително описание по предмет – тема
Основно описание – тема или топоним Живопис - България - албуми
9 (RLIN) 291147
650 #4 - Допълнително описание по предмет – тема
Основно описание – тема или топоним Стоев, Борислав Владимиров
9 (RLIN) 365108
653 ## - Ключова дума – ненормативна
Ключова дума живопис
653 ## - Ключова дума – ненормативна
Ключова дума български художници
653 ## - Ключова дума – ненормативна
Ключова дума Борислав Стоев
659 ## - Тематичен бюлетин
Тематичен бюлетин Н
700 1# - Други автори (авторска отговорност)
Лично име Димитров, Иван Йорданов
Автороска отговорност (Описва отношението между автора и произведението) *
9 (RLIN) 367043
700 1# - Други автори (авторска отговорност)
Лично име Маразов, Иван Русев
Дати, свързани с автора 1942 -
Друга информация Изкуствовед, културолог, траколог.
9 (RLIN) 92502
700 1# - Други автори (авторска отговорност)
Лично име Гранитски, Иван
Пълна форма на името Димитров, Иван Йорданов
Дати, свързани с автора 1953-
Друга информация Журналист, литературен критик, теоретик и историк, поет, публицист и издател.
Автороска отговорност (Описва отношението между автора и произведението) текст
9 (RLIN) 55767
852 ## - Местоположение
Форматна сигнатура Цб Гр А ІІ 4491
856 4# - Електронен адрес и достъп
Електронен формат pdf - файл
Път до файла /url/
856 4# - Електронен адрес и достъп
Електронен формат pdf - файл
Път до файла /url/
942 ## - АРТИКУЛИ
Вид на библиотечния материал Книги
Скрит в OPAC Не
944 ## - СЪЗДАВАНЕ И РЕДАКЦИЯ на ЗАПИСА
Създаване/Редакция Създаване
Дата на регистрацията/редакция 08.07.2013
Служител, извършил регистрацията/редакцията 30560
Статус, дата на статуса Геновева Генчева
944 ## - СЪЗДАВАНЕ И РЕДАКЦИЯ на ЗАПИСА
Създаване/Редакция Редакция
Дата на регистрацията/редакция 27.11.2013
Служител, извършил регистрацията/редакцията
999 ## - СИСТЕМНИ КОНТРОЛНИ НОМЕРА
Koha biblionumber 139033
Koha biblioitemnumber 139033
Наличности
Код за отписване Код за изгубен артикул Източник на класификационната схема Код за повреда Коз за рестрикции Код за отдаване Артикулен № Име на библиотеката - собственик Име на библиотеката, в която се намира в момента Статус (Текущо местоположение) Дата на вписване в системата Местоположение - отдел Цена в лева Инвентарен номер Систематично азбучна сигнатура Баркод Номер на екземпляра Цена в евро Служебна бележка Служебен тип на артикула
  Не е изгубен Universal Decimal Classification Не е повреден без рестрикции ползва се в читалня 227360 Регионална библиотека "Любен Каравелов" Русе Регионална библиотека "Любен Каравелов" Русе Хранилище 2013-07-09 Хранилище 18.00 120000767848 Цб ІІ 27679 120000767848 1 9.20 Дост: Dp Вид: Д N: 12 Дата: 19.03.2012 Книги
Vip Innovations Ltd, Rousse, Bulgaria 2025